Kleiner Beitrag zur Flechtenflora Griechischer Inseln

Bibliographic Details
Main Author: Pišút, Ivan, 1935-2017 (Author)
Format: Article
Language:Slovak
German
ISBN:8080601224
Subjects:

MARC

LEADER 00000nab a2200000 a 4500
001 vtls008424311
003 SK-MaSNL
005 20260304143925.0
008 250505c2003 xo |r|p|||||||000 b|slo
015 |a SNBRB2006/01  |2 snkbucl 
035 |a (uuid)45e01e29-9a79-434d-bf7e-b9a245b0ff5e 
035 |a urn:nbn:sk:snk-abbzhf 
035 |a (urnnbn)urn:nbn:sk:snk:ar-00098f 
038 |a SNKBUCL 
040 |a SNKBUCL  |b slo  |c SNKBUCL  |e AACR2 
041 0 |a ger  |b eng  |b slo 
044 |a xo  |c SK 
080 |a 582.29  |2 1981 
100 1 |a Pišút, Ivan,  |d 1935-2017  |4 aut  |9 259229 
245 1 0 |a Kleiner Beitrag zur Flechtenflora Griechischer Inseln  |c Ivan Pišút 
504 |a Bibliogr. odkazy 
546 |a Res. angl., slov. 
650 0 7 |a lišajníky  |2 snkbucl  |9 3713 
651 7 |a Grécko  |2 snkbucl  |9 16240 
773 0 |t Zborník Slovenského národného múzea. Prírodné vedy. Ročník XLIX - 2003  |d Bratislava : Slovenské národné múzeum - Prírodovedné múzeum, 2003  |g S. 33-35  |z 8080601224 
850 |a Slovenská národná knižnica 
852 |a Slovenská národná knižnica 
958 |a article15 
958 |a OND 
958 |a NB 
958 |a GR 
958 |a EUIPO 
999 |c 2928331  |d 2930261